Fortnite Weapons (Up To Date On Season 5) - Statistics

General Stats
  • This quiz has been taken 37 times
  • The average score is 28 of 58
Answer Stats
Hint Weapon % Correct
Uncommon Pump Shotgun
83%
Rare Pump Shotgun
83%
Epic Scar
79%
Legendary Scar
79%
Common Tactical Shotgun
79%
Uncommon Tactical Shotgun
79%
Rare Tactical Shotgun
79%
Common SMG
69%
Uncommon SMG
69%
Rare SMG
69%
Common Assault Rifle
62%
Uncommon Assault Rifle
62%
Rare Assault Rifle
62%
Common Pistol
62%
Uncommon Pistol
62%
Rare Pistol
62%
Rare RPG
62%
Epic RPG
62%
Legendary RPG
62%
Epic Heavy Shotgun
59%
Legendary Heavy Shotgun
59%
Rare Grenade Launcher
55%
Epic Grenade Launcher
55%
Legendary Grenade Launcher
55%
Common Burst Assault Rifle
48%
Uncommon Burst Assault Rifle
48%
Rare Burst Assault Rifle
48%
Uncommon Hunting Rifle
45%
Rare Hunting Rifle
45%
Rare Scoped Assault Rifle
41%
Epic Scoped Assault Rifle
41%
Common Suppressed SMG
41%
Uncommon Suppressed SMG
41%
Rare Suppressed SMG
41%
Rare Bolt Action Sniper Rifle
38%
Epic Bolt Action Sniper Rifle
38%
Legendary Bolt Action Sniper Rifle
38%
Uncommon Drum Gun
34%
Rare Drum Gun
34%
Epic Semi Auto Sniper Rifle
34%
Legendary Semi Auto Sniper Rifle
34%
Epic Minigun
31%
Legendary Minigun
31%
Epic Suppressed Pistol
31%
Legendary Suppressed PIstol
31%
Epic Famas
28%
Legendary Famas
28%
Epic Hand Cannon
28%
Legendary Hand Cannon
28%
Common Revolver
28%
Uncommon Revolver
28%
Rare Revolver
28%
Epic Thermal Scoped Assault Rifle
28%
Legendary Thermal Scoped Assault Rifle
28%
Rare LMG
21%
Epic LMG
21%
Epic Dual Pistols
17%
Legendary Dual Pistols
17%
No matching quizzes found
Score Distribution
Percent of People with Each Score
Percentile by Number Answered
Your Score History
You have not taken this quiz